Black widow : directed by Cate Shortland ; produced by Kevin Feige ; story by Jac Schaeffer, Ned Benson. (Record no. 20872)

000 -LEADER
fixed length control field 01269nam a22002897a 4500
008 - FIXED-LENGTH DATA ELEMENTS--GENERAL INFORMATION
fixed length control field 250527b xxu||||| |||| 00| 0 eng d
082 ## - DEWEY DECIMAL CLASSIFICATION NUMBER
Classification number 595.44
Item number B6279
245 ## - TITLE STATEMENT
Title Black widow : directed by Cate Shortland ; produced by Kevin Feige ; story by Jac Schaeffer, Ned Benson.
260 ## - PUBLICATION, DISTRIBUTION, ETC. (IMPRINT)
Place of publication, distribution, etc United States
Date of publication, distribution, etc 2021
Name of publisher, distributor, etc Marvel Studios
300 ## - PHYSICAL DESCRIPTION
Extent 1 videofile, (ca. 134 mins.) :
Other physical details sound, color.
520 ## - SUMMARY, ETC.
Summary, etc Natasha Romanoff, aka Black Widow, confronts the darker parts of her ledger when a dangerous conspiracy with ties to her past arises. Pursued by a force that will stop at nothing to bring her down, Natasha must deal with her history as a spy, and broken relationships left in her wake long before she became an Avenger.
546 ## - LANGUAGE NOTE
Language note In English subtitle.
650 ## - SUBJECT ADDED ENTRY--TOPICAL TERM
Topical term or geographic name as entry element Action.
650 ## - SUBJECT ADDED ENTRY--TOPICAL TERM
Topical term or geographic name as entry element Adventure.
650 ## - SUBJECT ADDED ENTRY--TOPICAL TERM
Topical term or geographic name as entry element Sci-fi.
700 ## - ADDED ENTRY--PERSONAL NAME
Personal name Johansson, Scarllet, star.
700 ## - ADDED ENTRY--PERSONAL NAME
Personal name Pugh, Florence, star.
700 ## - ADDED ENTRY--PERSONAL NAME
Personal name Harbour, David, star.
700 ## - ADDED ENTRY--PERSONAL NAME
Personal name Fagbenle, O-T, star.
700 ## - ADDED ENTRY--PERSONAL NAME
Personal name Kurylenko, Olga, star.
700 ## - ADDED ENTRY--PERSONAL NAME
Personal name Hurt, William, star.
700 ## - ADDED ENTRY--PERSONAL NAME
Personal name Winstone, Ray, star.
700 ## - ADDED ENTRY--PERSONAL NAME
Personal name Weisz, Rachel, star.
700 ## - ADDED ENTRY--PERSONAL NAME
Personal name Beristain, Gabriel, cinematographer.
700 ## - ADDED ENTRY--PERSONAL NAME
Personal name Boyd, Leigh Folsom, Schmidt, Matthew, editor.
942 ## - ADDED ENTRY ELEMENTS (KOHA)
Source of classification or shelving scheme
Item type Audio-Visual Materials

No copies available.

Cagayan State University University Library, Carig Campus
Tuguegarao City, Cagayan 3500 | www.csucarig.edu.ph

Powered by Koha